<?xml version="1.0" encoding="UTF-8"?>
<record
    xmlns:xsi="http://www.w3.org/2001/XMLSchema-instance"
    xsi:schemaLocation="http://www.loc.gov/MARC21/slim http://www.loc.gov/standards/marcxml/schema/MARC21slim.xsd"
    xmlns="http://www.loc.gov/MARC21/slim">

  <leader>01964nam1a2200301 i 4500</leader>
  <controlfield tag="001">RU\NLR\BIBL_A\011215202</controlfield>
  <controlfield tag="005">20260409063030.0</controlfield>
  <datafield tag="035" ind1=" " ind2=" ">
    <subfield code="a">(NLR Aleph) 011215202</subfield>
  </datafield>
  <datafield tag="090" ind1=" " ind2=" ">
    <subfield code="a">11993028</subfield>
    <subfield code="c">11993028</subfield>
  </datafield>
  <datafield tag="100" ind1=" " ind2=" ">
    <subfield code="a">20160720g20179999u  y0rusy50      ca</subfield>
  </datafield>
  <datafield tag="101" ind1="0" ind2=" ">
    <subfield code="a">rus</subfield>
  </datafield>
  <datafield tag="102" ind1=" " ind2=" ">
    <subfield code="a">RU</subfield>
  </datafield>
  <datafield tag="105" ind1=" " ind2=" ">
    <subfield code="a">||||j||||||||</subfield>
  </datafield>
  <datafield tag="200" ind1="1" ind2=" ">
    <subfield code="a">&#x420;&#x43E;&#x441;&#x441;&#x438;&#x439;&#x441;&#x43A;&#x43E;&#x435; &#x443;&#x433;&#x43E;&#x43B;&#x43E;&#x432;&#x43D;&#x43E;&#x435; &#x43F;&#x440;&#x430;&#x432;&#x43E;</subfield>
    <subfield code="i">&#x41E;&#x431;&#x449;&#x430;&#x44F; &#x447;&#x430;&#x441;&#x442;&#x44C;</subfield>
    <subfield code="e">&#x443;&#x447;&#x435;&#x431;&#x43D;&#x438;&#x43A;</subfield>
    <subfield code="f">[&#x418;&#x43D;&#x43E;&#x433;&#x430;&#x43C;&#x43E;&#x432;&#x430;-&#x425;&#x435;&#x433;&#x430;&#x439; &#x41B;.&#x412;., &#x41A;&#x43E;&#x43C;&#x438;&#x441;&#x441;&#x430;&#x440;&#x43E;&#x432; &#x412;.&#x421;., &#x420;&#x430;&#x440;&#x43E;&#x433; &#x410;.&#x418;. &#x438; &#x434;&#x440;.]</subfield>
    <subfield code="g">&#x43F;&#x43E;&#x434; &#x440;&#x435;&#x434;. &#x434;.&#x44E;.&#x43D;., &#x43F;&#x440;&#x43E;&#x444;. &#x41B;.&#x412;. &#x418;&#x43D;&#x43E;&#x433;&#x430;&#x43C;&#x43E;&#x432;&#x43E;&#x439;-&#x425;&#x435;&#x433;&#x430;&#x439; [&#x438; &#x434;&#x440;.]</subfield>
    <subfield code="g">&#x41C;-&#x432;&#x43E; &#x43E;&#x431;&#x440;&#x430;&#x437;&#x43E;&#x432;&#x430;&#x43D;&#x438;&#x44F; &#x438; &#x43D;&#x430;&#x443;&#x43A;&#x438; &#x420;&#x43E;&#x441;. &#x424;&#x435;&#x434;&#x435;&#x440;&#x430;&#x446;&#x438;&#x438;, &#x41C;&#x43E;&#x441;&#x43A;. &#x433;&#x43E;&#x441;. &#x44E;&#x440;&#x438;&#x434;. &#x443;&#x43D;-&#x442; &#x438;&#x43C;. &#x41E;.&#x415;. &#x41A;&#x443;&#x442;&#x430;&#x444;&#x438;&#x43D;&#x430; (&#x41C;&#x413;&#x42E;&#x410;), &#x41C;&#x43E;&#x441;&#x43A;. &#x433;&#x43E;&#x441;. &#x443;&#x43D;-&#x442; &#x438;&#x43C;. &#x41C;.&#x412;. &#x41B;&#x43E;&#x43C;&#x43E;&#x43D;&#x43E;&#x441;&#x43E;&#x432;&#x430;</subfield>
  </datafield>
  <datafield tag="205" ind1=" " ind2=" ">
    <subfield code="a">&#x418;&#x437;&#x434;. 4-&#x435;, &#x43F;&#x435;&#x440;&#x435;&#x440;&#x430;&#x431;. &#x438; &#x434;&#x43E;&#x43F;.</subfield>
  </datafield>
  <datafield tag="210" ind1=" " ind2=" ">
    <subfield code="a">&#x41C;&#x43E;&#x441;&#x43A;&#x432;&#x430;</subfield>
    <subfield code="c">&#x41F;&#x440;&#x43E;&#x441;&#x43F;&#x435;&#x43A;&#x442;</subfield>
    <subfield code="d">2017</subfield>
  </datafield>
  <datafield tag="215" ind1=" " ind2=" ">
    <subfield code="d">22</subfield>
  </datafield>
  <datafield tag="300" ind1=" " ind2=" ">
    <subfield code="a">&#x410;&#x432;&#x442;. &#x443;&#x43A;&#x430;&#x437;&#x430;&#x43D;&#x44B; &#x43D;&#x430; &#x43E;&#x431;&#x43E;&#x440;&#x43E;&#x442;&#x435; &#x442;&#x438;&#x442;.&#x43B;.</subfield>
  </datafield>
  <datafield tag="606" ind1="1" ind2=" ">
    <subfield code="a">&#x423;&#x433;&#x43E;&#x43B;&#x43E;&#x432;&#x43D;&#x43E;&#x435; &#x43F;&#x440;&#x430;&#x432;&#x43E;</subfield>
    <subfield code="j">&#x423;&#x447;&#x435;&#x431;&#x43D;&#x438;&#x43A;&#x438; &#x434;&#x43B;&#x44F; &#x432;&#x44B;&#x441;&#x448;&#x438;&#x445; &#x443;&#x447;&#x435;&#x431;&#x43D;&#x44B;&#x445; &#x437;&#x430;&#x432;&#x435;&#x434;&#x435;&#x43D;&#x438;&#x439;</subfield>
    <subfield code="x">&#x41E;&#x431;&#x449;&#x430;&#x44F; &#x447;&#x430;&#x441;&#x442;&#x44C;</subfield>
    <subfield code="y">&#x420;&#x43E;&#x441;&#x441;&#x438;&#x439;&#x441;&#x43A;&#x430;&#x44F; &#x424;&#x435;&#x434;&#x435;&#x440;&#x430;&#x446;&#x438;&#x44F;</subfield>
    <subfield code="9">2078722</subfield>
    <subfield code="3">RU\NLR\AUTH\661254586</subfield>
  </datafield>
  <datafield tag="686" ind1="1" ind2=" ">
    <subfield code="a">&#x425;628.1&#x44F;73</subfield>
  </datafield>
  <datafield tag="701" ind1=" " ind2="1">
    <subfield code="8">rus</subfield>
    <subfield code="7">ca</subfield>
    <subfield code="a">&#x418;&#x43D;&#x43E;&#x433;&#x430;&#x43C;&#x43E;&#x432;&#x430;-&#x425;&#x435;&#x433;&#x430;&#x439;</subfield>
    <subfield code="b">&#x41B;. &#x412;.</subfield>
    <subfield code="f">1954-</subfield>
    <subfield code="g">&#x41B;&#x44E;&#x434;&#x43C;&#x438;&#x43B;&#x430; &#x412;&#x430;&#x43B;&#x435;&#x43D;&#x442;&#x438;&#x43D;&#x43E;&#x432;&#x43D;&#x430;</subfield>
    <subfield code="3">RU\NLR\AUTH\7710183</subfield>
    <subfield code="9">119965</subfield>
  </datafield>
  <datafield tag="701" ind1=" " ind2="1">
    <subfield code="4">070</subfield>
    <subfield code="8">rus</subfield>
    <subfield code="7">ca</subfield>
    <subfield code="a">&#x41A;&#x43E;&#x43C;&#x438;&#x441;&#x441;&#x430;&#x440;&#x43E;&#x432;</subfield>
    <subfield code="b">&#x412;. &#x421;.</subfield>
    <subfield code="c">&#x434;-&#x440; &#x44E;&#x440;&#x438;&#x434;. &#x43D;&#x430;&#x443;&#x43A;</subfield>
    <subfield code="f">1953-2017</subfield>
    <subfield code="g">&#x412;&#x43B;&#x430;&#x434;&#x438;&#x43C;&#x438;&#x440; &#x421;&#x435;&#x440;&#x433;&#x435;&#x435;&#x432;&#x438;&#x447;</subfield>
    <subfield code="3">RU\NLR\AUTH\7764952</subfield>
    <subfield code="9">47881</subfield>
  </datafield>
  <datafield tag="701" ind1=" " ind2="1">
    <subfield code="8">rus</subfield>
    <subfield code="7">ca</subfield>
    <subfield code="a">&#x420;&#x430;&#x440;&#x43E;&#x433;</subfield>
    <subfield code="b">&#x410;. &#x418;.</subfield>
    <subfield code="f">1937-</subfield>
    <subfield code="g">&#x410;&#x43B;&#x435;&#x43A;&#x441;&#x435;&#x439; &#x418;&#x432;&#x430;&#x43D;&#x43E;&#x432;&#x438;&#x447;</subfield>
    <subfield code="3">RU\NLR\AUTH\7713463</subfield>
    <subfield code="9">123153</subfield>
  </datafield>
  <datafield tag="712" ind1="0" ind2="2">
    <subfield code="4">570</subfield>
    <subfield code="a">&#x41C;&#x43E;&#x441;&#x43A;&#x43E;&#x432;&#x441;&#x43A;&#x438;&#x439; &#x433;&#x43E;&#x441;&#x443;&#x434;&#x430;&#x440;&#x441;&#x442;&#x432;&#x435;&#x43D;&#x43D;&#x44B;&#x439; &#x44E;&#x440;&#x438;&#x434;&#x438;&#x447;&#x435;&#x441;&#x43A;&#x438;&#x439; &#x443;&#x43D;&#x438;&#x432;&#x435;&#x440;&#x441;&#x438;&#x442;&#x435;&#x442; &#x438;&#x43C;. &#x41E;. &#x415;. &#x41A;&#x443;&#x442;&#x430;&#x444;&#x438;&#x43D;&#x430;</subfield>
    <subfield code="3">RU\NLR\AUTH\8810235884</subfield>
    <subfield code="9">357016</subfield>
  </datafield>
  <datafield tag="852" ind1=" " ind2=" ">
    <subfield code="a">NLR</subfield>
    <subfield code="j">2016-5/5540</subfield>
  </datafield>
  <datafield tag="942" ind1=" " ind2=" ">
    <subfield code="c">BOOK</subfield>
  </datafield>
</record>
